Carregando...
English language teaching in india: issues and innovations
| Outros Autores: | |
|---|---|
| Formato: | Printed Book |
| Idioma: | English |
| Assuntos: |
| LEADER | 00398nam a2200109Ia 4500 | ||
|---|---|---|---|
| 008 | 101008s9999 xx 000 0 eng d | ||
| 245 | |a English language teaching in india: issues and innovations | ||
| 650 | |a Language Teaching | ||
| 700 | |a Agnihotri, R K |e editor. | ||
| 942 | |c BK | ||
| 999 | |c 183577 |d 183577 | ||
| 952 | |0 0 |1 0 |4 0 |7 0 |9 202870 |a EDU |b EDU |c ST1 |d 2010-10-20 |i 5174 |l 2 |p EDU5174 |r 2019-06-07 |s 2019-03-11 |w 2018-08-29 |y BK | ||